| 000 | 00890nam a2200229 a 4500 | ||
|---|---|---|---|
| 005 | 20210223122530.0 | ||
| 008 | 991125s2006 mx 000 0 spa u | ||
| 020 | _a9703237940 | ||
| 035 | _aUPN01000037404 | ||
| 049 | _aUNE | ||
| 050 | 4 |
_aKG675 _bP3.6 |
|
| 245 | 0 | 0 |
_aPanorama sobre la legislación en materia de genoma humano en América Latina y el Caribe / _ccoord. Alya Saada. |
| 260 |
_aMéxico : _bUNESCO : _bUNAM, Instituto de Investigaciones Jurídicas, _c2006. |
||
| 300 | _axiv, 417 p. | ||
| 440 | 0 |
_aPublicación científica ; _v3 |
|
| 500 | _aTambién localizas ejemplares en Colección General | ||
| 650 | 4 |
_aGENETICA HUMANA - _xLEYES Y LEGISLACION - _zAMERICA LATINA _923735 |
|
| 650 | 4 |
_aGENETICA HUMANA - _xLEYES Y LEGISLACION - _zCARIBE (REGION) _923736 |
|
| 650 | 4 |
_aINGENIERIA GENETICA - _xLEYES Y LEGISLACION _917148 |
|
| 700 | 1 |
_aSaada, Alya, _ecoord. |
|
| 905 | _aLibro | ||
| 999 |
_c37404 _d37404 |
||